Participación de las instituciones civiles y educativas en la gestión local de Villa María /

Bibliographic Details
Other Authors: Álvarez, María Franci
Format: Electronic eBook
Language:Spanish
Published: Villa María, Córdoba, Argentina : Universidad Nacional de Villa María : EDUVIM, Editorial Universitaria Villa María, 2010.
Series:Cuadernos de investigación (Villa María (Córdoba, Argentina)) ; 12.
Subjects:
Online Access:Digitalia Hispánica

MARC

LEADER 00000nam a2200000Ii 4500
001 DIGEDUV0081
003 NyNyDIG
006 m o d
007 cr |||||||||||
008 140401s2010 ag o 000 0 spa d
020 |z 9789871727193 
020 |z 9871727194 
035 |a (OCoLC)849487430 
040 |a DGITA  |b eng  |e pn  |c DGITA 
043 |a s-ag--- 
050 1 4 |a JS2325.V55 eBook 
245 0 0 |a Participación de las instituciones civiles y educativas en la gestión local de Villa María /  |c equipo de investigación, directora: María Franci Álvarez, ... [et al.]. 
246 1 |i CIP title [p. 6]:  |a Organizaciones de la sociedad civil y gobierno local :  |b Villa María, 1983-2009  
246 1 4 |a Instituciones civiles y gobierno local :  |b Villa María, 1983-2009. 
264 1 |a Villa María, Córdoba, Argentina :  |b Universidad Nacional de Villa María :  |b EDUVIM, Editorial Universitaria Villa María,  |c 2010.  
300 |a 1 online resource (285 pages) :  |b ill. 
336 |a text  |b txt  |2 rdacontent 
337 |a computer  |b c  |2 rdamedia 
338 |a online resource  |b cr  |2 rdacarrier 
490 1 |a Cuadernos de investigación ;  |v 12. 
504 |a Includes bibliographical references (p. 179-180). 
650 0 |a Local government  |z Argentina  |z Villa María (Córdoba)  
650 0 |a Education  |z Argentina  |z Villa María (Córdoba)  
650 0 |a Civil service  |z Argentina  |z Villa María (Córdoba)  
651 0 |a Villa María (Córdoba, Argentina)  |x Politics and government  |v Sources.  
655 0 |a Electronic books. 
700 1 |a Álvarez, María Franci.  
791 2 |a Digitalia (Firm),  |e distributor. 
830 0 |a Cuadernos de investigación (Villa María (Córdoba, Argentina)) ;  |v 12. 
793 0 |g Digitalia eBook Collection:  |a Ediciones Eduvim 
856 4 0 |3 Digitalia Hispánica  |u https://www.digitaliapublishing.com/a/14439/ 
910 |a Premium Collection: 2007-2012